01493 2200325 4500001002100000005001500021035002000036245006600056100001200122250001700134300002800151260003900179082001000218084001600228020002200244650002600266520065800292008004100950990001600991990001601007990001601023990001601039990001601055990001601071990001601087990001601103990001601119990001601135990001601151INLIS00000000000075720241022063247 a0010-10240000501 aUniverse Encyclopedia Matahari :bPusat Tata Surya /cSucipto0 aSucipto acetakan ke-1 a56 hlm :bIlus ;c25 cm aBekasi :bUranus Publishing,c2011 a523.7 a523.7 SUC u a978-602-8637-67-1 4aEnsiklopedia matahari aTahukah kamu, matahari adalah sebuah bintang? matahari adalah bintang yang paling dekat jaraknya dengan bumi. sehingga, matahari menjadi bintang yang bersinar paling terang. Matahari berbentuk bola dan merupakan gas berpijar yang berwarna putih kekuning-kuningan. Matahari berbentuk bulat meskipun tidak sempurna. Dalam tata surya kita, matahari berfungsi sebagai pusatnya. Matahari mempunyai ekuator dan kutub karena gerak rotasinya. Garis tengah ekuatorialnya mencapai 864.000 mil, sedangkan garis tengah antar kutubnya sekitar 819.000 mil. Matahari merupakan anggta tata surya yang paling besar. sekitar 98% massa tata surya terkumpul di matahari.241022 0  a00000003717 a00000003718 a00000003719 a00000003720 a00000003721 a00000003722 a00000003723 a00000003724 a00000003725 a00000003726 a00000003727